02467 2200301 4500001002100000005001500021035002000036007000300056008004100059020002200100082001000122084001900132100003100151245013200182250003500314300003300349650001600382650002600398700003600424700002600460520152000486740002702006264004202033336002102075337003002096338002302126990001602149INLIS00000000116315320230606105118 a0010-0423000003ta230606 g 0 ind  a978-623-400-382-6 a154.2 aSR 154.2 ATK k0 aAtkinson, Williamepenulis1 aKekuatan pikiran bawah sadar :brahasia membangkitkan /cWilliam Atkinson;penyunting, Nindya Ferrtikasari;penerjemah, Wiji Seto aCetakan pertama, Februari 2023 a442 halaman :bilus ;c22 cm 4aBawah sadar 4aPikiran dan pemikiran0 aNindya Ferrtikasariepenyunting0 aWiji Setoepenerjemah aSaya ingin mengajak Anda untuk mempertimbangkan prinsip yang hebat dari Alam, Kekuatan Alam yang hebat, sesuatu hal yang mewujudkan aktivitasnya dalam fenomena dari Pemikiran Dinamis. Suatu hal yang hebat ini saya sebut dengan “kekuatan pikiran.” Kekuatan Pikiran adalah kekuatan hidup yang nyata dan aktual. Kekuatan Pikiran adalah kekuatan yang menyebabkan tumbuhan untuk tumbuh; yang menyebabkan tubuh hewan semakin bertumbuh; dan yang memungkinkan manusia untuk melakukan aktivitas mereka melalui gerakan dan tindakan. Kekuatan Pikiran bukanlah sesuatu hal yang abstrak atau spekulatif belaka. Saya percaya bahwa aktivitas-aktivitas dari prinsip mental dinamis berhubungan erat dengan kenyataan dari operasi mental yang kita kenal sebagai keinginan, kehendak, dan imajinasi. Kita harus belajar sesuatu dari aturan dan prinsip dan cara operasi dari energi-energi dan aktivitas-aktivitasnya. Saat kami melanjutkan tentang pertimbangan kami tentang itu, pada tulisan ini. Hal ini mungkin akan sulit untuk Anda memahami konsep dari kekuatan pikiran ini saat baru mulai. Tetapi hal itu akan tumbuh pada pemahaman Anda seiring aktivitas-aktivitasnya di tunjukan pada Anda, secara bertahap, seperti pemandangan yang indah. Kita akan menyingkirkan ketidaktahuan, ketidakpedulian, ketakutan, keraguan, dan perasaan seperti "Saya Tidak Bisa". Kemudian, kita akan menggantinya dengan pemahaman, keberanian, rasa percaya diri, dan perasaan seperti "Saya Bisa; Saya Akan; Saya Berani; dan Saya Pasti Bisa!" apractical mind reading aYogyakarta :bPsikologi Corner,c2023 2rdacontentateks 2rdamediaatanpa perantara 2rdacarrieravolume a51868.64688